| 000 | 01091nam a22003257a 4500 | ||
|---|---|---|---|
| 001 | 0021109 | ||
| 003 | KOHA_MİRAKIL | ||
| 005 | 20260207002311.0 | ||
| 007 | ta | ||
| 008 | 100813b2000 tu |||gr||||#||||1|tur | | ||
| 020 |
_a9754582300 _c3,5 |
||
| 040 |
_aTR-BiSEU _btur _cTR-BiSEU _erda |
||
| 041 | 0 | _atur | |
| 044 | _ctu | ||
| 050 |
_aPG3334.T8 _bA33 2000 |
||
| 100 | 1 | _aAdamov, Arthur. | |
| 245 | 1 |
_aÖlü canlar/ _cArthur Adamov ; Arthur Adamov ; çevirenler: Sabahattin Eyuboğlu, Melih Cevdet Anday.. |
|
| 264 | 1 |
_aİstanbul : _bTürkiye İş Bankası Kültür Yayınları _c2000 |
|
| 300 |
_a152 s. ; _c22 cm. |
||
| 336 |
_ametin _btxt _2rdacontent |
||
| 337 |
_aaracısız _bn _2rdamedia |
||
| 338 |
_acilt _bnc _2rdacarrier |
||
| 490 | 1 |
_aTürkiye İş Bankası Kültür yayınları ; _vgenel yayın: 468. |
|
| 490 | 1 |
_aEdebiyat dizisi ; _v121 |
|
| 650 | 0 |
_aRussian drama. _928727 |
|
| 650 | 0 |
_aRus draması. _928728 |
|
| 830 | 1 |
_aTürkiye İş Bankası Kültür yayınları ; _vgenel yayın: 468. _923123 |
|
| 830 | 1 |
_aEdebiyat dizisi ; _v121 _97394 |
|
| 942 |
_2lcc _cBK |
||
| 999 |
_c21065 _d21065 |
||